British vs American words #2 - Statistics

General Stats
  • This quiz has been taken 700 times
  • The average score is 12 of 14
Answer Stats
American British % Correct
Soccer Football
98%
Elevator Lift
97%
Vacation Holiday
95%
Fall (season) Autumn
94%
Mom Mum
93%
Candy Sweets
88%
Garbage Rubbish
86%
Flashlight Torch
86%
Trash can Bin
83%
Truck Lorry
81%
Restroom Bathroom
80%
Cell phone Mobile phone
75%
Crosswalk Zebra crossing
65%
Popsicle Ice lolly
55%
No matching quizzes found
Score Distribution
Percent of People with Each Score
Percentile by Number Answered
Your Score History
You have not taken this quiz